| 000 | 00497nam a22001817a 4500 | ||
|---|---|---|---|
| 003 | CEME | ||
| 005 | 20210628202530.0 | ||
| 008 | 210121b xxu||||| |||| 00| 0 eng d | ||
| 020 | _a0-395-90145-6 | ||
| 040 | _cceme | ||
| 082 | _a641.86 BAR | ||
| 100 |
_aBarnard, Melanie _960378 |
||
| 245 | _aShort & sweet ,sophisticated desserts in no time at all | ||
| 260 |
_aNEW YORK _bHOUGHTON MIFFLIN _c1999 |
||
| 300 | _a238 P | ||
| 650 |
_aDESSERTS, QUICK AND EASY COOKERY _960379 |
||
| 942 |
_cBK _2ddc |
||
| 999 |
_c570114 _d570114 |
||